Countries, States, and Territories of the World - Statistics

General Stats
  • This quiz has been taken 177 times
    163 since last reset
  • The average score is 150 of 280
Answers on the Map
Answers color-coded by a green-red scale on the quiz's map according to % correct below.
 
Answer Stats
Answer % Correct
Canada
85%
France
85%
United States of America
85%
Mexico
80%
Cuba
76%
Finland
76%
Iceland
76%
Denmark
74%
Greenland
74%
Italy
74%
Norway
74%
Panama
74%
Spain
74%
Brazil
72%
Chile
72%
China
72%
French guiana
72%
Germany
72%
Greece
72%
Ireland
72%
Netherlands
72%
Portugal
72%
Sweden
72%
United Kingdom
72%
Albania
70%
Argentina
70%
Colombia
70%
Dominica
70%
Peru
70%
Russia
70%
Andorra
67%
Australia
67%
Austria
67%
Bahamas
67%
Belize
67%
Bolivia
67%
Costa rica
67%
Dominican republic
67%
Estonia
67%
Guatemala
67%
Haiti
67%
Honduras
67%
Hungary
67%
India
67%
Iran
67%
Iraq
67%
Poland
67%
South Africa
67%
Belarus
65%
Belgium
65%
Croatia
65%
Cyprus
65%
Egypt
65%
El salvador
65%
Guyana
65%
Japan
65%
Kazakhstan
65%
Kosovo
65%
Latvia
65%
Lithuania
65%
Madagascar
65%
Malta
65%
Nicaragua
65%
Niger
65%
Puerto rico
65%
South Korea
65%
Switzerland
65%
Turkiye
65%
Ukraine
65%
Venezuela
65%
Afghanistan
63%
Central african republic
63%
Czechia
63%
Democratic republic of the Congo
63%
Ecuador
63%
Ethiopia
63%
Israel
63%
Laos
63%
Monaco
63%
New Zealand
63%
North Korea
63%
Paraguay
63%
Qatar
63%
Saudi Arabia
63%
Slovakia
63%
Sudan
63%
Thailand
63%
Uganda
63%
United Arab Emirates
63%
Uruguay
63%
Uzbekistan
63%
Yemen
63%
Zambia
63%
Bosnia and herzegovina
61%
Chad
61%
Georgia
61%
Indonesia
61%
Jamaica
61%
Jordan
61%
Kenya
61%
Libya
61%
Liechtenstein
61%
Luxembourg
61%
Mali
61%
Moldova
61%
Mongolia
61%
Namibia
61%
Oman
61%
Papua New Guinea
61%
Philippines
61%
Republic of the Congo
61%
Romania
61%
San Marino
61%
Senegal
61%
Slovenia
61%
South Sudan
61%
Vietnam
61%
Algeria
59%
Botswana
59%
Bulgaria
59%
Cambodia
59%
Eswatini
59%
Kuwait
59%
Montenegro
59%
Morocco
59%
Mozambique
59%
Nigeria
59%
Pakistan
59%
Rwanda
59%
Sint Maarten
59%
Somalia
59%
Sri Lanka
59%
Suriname
59%
Syria
59%
Taiwan
59%
The Gambia
59%
Trinidad and Tobago
59%
Tunisia
59%
Vatican city
59%
Zimbabwe
59%
American samoa
57%
Antigua and barbuda
57%
Benin
57%
Eritrea
57%
Gabon
57%
Ghana
57%
Guinea
57%
Ivory coast
57%
Lesotho
57%
Malaysia
57%
Myanmar
57%
North Macedonia
57%
Serbia
57%
Tajikistan
57%
Tanzania
57%
Togo
57%
Angola
54%
Armenia
54%
Bangladesh
54%
Barbados
54%
Bhutan
54%
Burkina faso
54%
Cameroon
54%
Cape verde
54%
Djibouti
54%
Equatorial guinea
54%
Kyrgyzstan
54%
Malawi
54%
Mauritania
54%
Nepal
54%
Palau
54%
Samoa
54%
Sierra Leone
54%
Azerbaijan
52%
Bahrain
52%
Bermuda
52%
Burundi
52%
Comoros
52%
East timor
52%
Fiji
52%
Guinea-bissau
52%
Lebanon
52%
Liberia
52%
Maldives
52%
Mauritius
52%
Palestine
52%
Saint Helena
52%
Saint Vincent and the grenadines
52%
Seychelles
52%
Singapore
52%
Turkmenistan
52%
Aruba
50%
Christmas island
50%
Federated states of Micronesia
50%
French polynesia
50%
Grenada
50%
Guernsey
50%
Isle of man
50%
Reunion
50%
Saint Kitts and Nevis
50%
Saint Lucia
50%
Sao tome and Principe
50%
Tonga
50%
Western Sahara
50%
Brunei
48%
Falklands
48%
Jersey
48%
Solomon islands
48%
Vanuatu
48%
Faroe islands
46%
Guadeloupe
46%
Guam
46%
Kiribati
46%
Marshall islands
46%
Nauru
46%
Saint Martin
46%
Somaliland
46%
Svalbard
46%
British virgin islands
43%
Cook islands
43%
Curacao
43%
Northern Mariana islands
43%
Tuvalu
43%
Aland islands
41%
Martinique
41%
Mayotte
41%
Montserrat
41%
Niue
41%
Saint Barthelemy
41%
South Georgia and South Sandwich islands
41%
Bonaire
39%
Cocos (keeling) island
39%
New Caledonia
39%
Northern Cyprus
39%
Saint Pierre and Miquelon
39%
Tokelau
39%
Anguilla
37%
British indian ocean territory
37%
Hong Kong
37%
Transnistria
37%
Ascension
35%
Cayman islands
35%
Crimea
35%
Norfolk island
35%
South Ossetia
35%
Abkhazia
33%
Saba
33%
United States Virgin islands
33%
Jan mayen
30%
Kashmir
30%
Macau
30%
Turks and Caicos islands
30%
Johnston atoll
28%
Navassa island
28%
Pitcairn islands
28%
Sint Eustatius
28%
Tristan da Cunha
28%
Wallis and Futuna
28%
Ashmore and cartier islands
24%
Bouvet island
24%
Clipperton island
24%
French southern and antarctic lands
24%
Howland island
24%
Jarvis island
24%
Midway atoll
24%
Palmyra atoll
24%
Wake island
24%
Coral sea islands
22%
Kingman reef
22%
Nagorno-Karabakh
22%
Baker island
20%
Chechnya
20%
Akrotiri and dhekelia
15%
Ingushetia
15%
Adjara
9%
Abyei
7%
Gibraltor
7%
Northern Ossetia-Alana
7%
Heard island and McDonalds islands
4%
Kabardino-Balkaria republic
4%
No matching quizzes found
Score Distribution
Percent of People with Each Score
Percentile by Number Answered
Your Score History
You have not taken this quiz since the last reset